[Event "36. Copenhagen Open (Politiken Cup)"]
[Site "Elsinore"]
[Date "2014.07.22"]
[Round "3"]
[White "Haugli, Petter"]
[Black "Hillarp Persson, Tiger"]
[Result "0-1"]
[WhiteElo "2286"]
[BlackElo "2564"]
[PlyCount "114"]
[EventDate "2014.07.21"]
[EventType "swiss"]
[EventRounds "10"]
[EventCountry "DEN"]
[Source "ChessBase"]
[SourceDate "2014.08.29"]

1. d4 d5 2. c4 e6 3. Nc3 Nf6 4. cxd5 exd5 5. Bg5 c6 6. Qc2 h6 7. Bh4 Be6 8. e3
Nbd7 9. Bd3 g5 10. Bg3 Nh5 11. Nge2 Nxg3 12. Nxg3 h5 13. O-O-O h4 14. Nf5 Qa5
15. g4 O-O-O 16. Kb1 Kb8 17. Na4 Rc8 18. Rc1 c5 19. Nxc5 Bxc5 20. dxc5 d4 21.
b3 dxe3 22. Nxe3 Rxc5 23. Qb2 Rxc1+ 24. Rxc1 Qe5 25. Bf5 Bxf5+ 26. gxf5 Qxb2+
27. Kxb2 Ne5 28. Rd1 Re8 29. Rd6 Nf3 30. Rf6 Re7 31. Ng4 Kc8 32. Kc3 Kd8 33.
Rd6+ Kc8 34. Rd3 Ne5 35. Rd4 Rc7+ 36. Kb2 Nc6 37. Re4 Re7 38. Rxe7 Nxe7 39. Ne3
Kd7 40. Kc3 Nc6 41. Ng4 Kd6 42. Nh6 Ke5 43. Nxf7+ Kxf5 44. Nd6+ Kf4 45. Nxb7
Ne5 46. Nc5 Nf3 47. Kd3 Nxh2 48. Ke2 Nf3 49. Kf1 Nd4 50. Kg2 g4 51. Nd3+ Ke4
52. Nc5+ Kf5 53. Nd3 Ne6 54. b4 Nf4+ 55. Nxf4 Kxf4 56. a4 h3+ 57. Kg1 Kf3 0-1

[Event "36. Copenhagen Open (Politiken Cup)"]
[Site "Elsinore"]
[Date "2014.07.22"]
[Round "3"]
[White "Hector, Jonny"]
[Black "Nordenbaek, Jan"]
[Result "1-0"]
[WhiteElo "2483"]
[BlackElo "2228"]
[PlyCount "73"]
[EventDate "2014.07.21"]
[EventType "swiss"]
[EventRounds "10"]
[EventCountry "DEN"]
[Source "ChessBase"]
[SourceDate "2014.08.29"]

1. e4 c5 2. Nc3 Nc6 3. Nf3 e6 4. d4 cxd4 5. Nxd4 Nf6 6. Nxc6 bxc6 7. e5 Nd5 8.
Ne4 Ba6 9. Bxa6 Qa5+ 10. Bd2 Qxa6 11. b3 Qb6 12. O-O Qd4 13. Re1 Qxe5 14. Qf3
Bb4 15. c4 f5 16. Ng5 Qf6 17. Nxe6 Bxd2 18. Nc7+ Kd8 19. Nxd5 Qd4 20. Rad1 cxd5
21. Qe2 dxc4 22. Rxd2 Qe4 23. Qd1 Qc6 24. Rd6 Qb7 25. Qd4 Re8 26. Rd1 Re7 27.
Qxc4 Rc8 28. Qd3 Rc5 29. h3 Rce5 30. Kh2 Qc7 31. f4 Rc5 32. b4 Rc6 33. Rxc6
Qxc6 34. Qxf5 Re2 35. Qg4 Rxa2 36. Qxg7 Rf2 37. b5 1-0

[Event "36. Copenhagen Open (Politiken Cup)"]
[Site "Elsinore"]
[Date "2014.07.22"]
[Round "3"]
[White "Hendrickson, Nolan"]
[Black "Greeuw, Sietske"]
[Result "1-0"]
[WhiteElo "2168"]
[BlackElo "1949"]
[PlyCount "61"]
[EventDate "2014.07.21"]
[EventType "swiss"]
[EventRounds "10"]
[EventCountry "DEN"]
[Source "ChessBase"]
[SourceDate "2014.08.29"]

1. e4 c5 2. Nc3 Nc6 3. Bb5 Nd4 4. Nf3 Nxb5 5. Nxb5 d6 6. d4 a6 7. Nc3 cxd4 8.
Qxd4 e5 9. Qb4 Ne7 10. O-O Nc6 11. Qa3 Be7 12. Nd5 O-O 13. Be3 f5 14. Bb6 Qd7
15. exf5 Rxf5 16. Rad1 Bf8 17. Rfe1 Qf7 18. c4 Be6 19. Be3 Rxf3 20. gxf3 Bh3
21. Bg5 h6 22. Bh4 Nd4 23. f4 Bg4 24. Rxd4 exd4 25. Qd3 Re8 26. Rxe8 Qxe8 27.
f3 Bh3 28. Kf2 Qa4 29. Qg6 Kh8 30. Nf6 Bf5 31. Qf7 1-0

[Event "36. Copenhagen Open (Politiken Cup)"]
[Site "Elsinore"]
[Date "2014.07.22"]
[Round "3"]
[White "Henrichsen, Jens"]
[Black "Plata Fernandez, Diego"]
[Result "1-0"]
[WhiteElo "1959"]
[BlackElo "1745"]
[PlyCount "109"]
[EventDate "2014.07.21"]
[EventType "swiss"]
[EventRounds "10"]
[EventCountry "DEN"]
[Source "ChessBase"]
[SourceDate "2014.08.29"]

1. d4 d5 2. c4 Nc6 3. Nc3 e5 4. e3 exd4 5. exd4 Be6 6. Nf3 Nf6 7. c5 Be7 8. Bb5
Bd7 9. O-O a6 10. Bxc6 Bxc6 11. Ne5 O-O 12. Re1 Nd7 13. Nxc6 bxc6 14. Bf4 Re8
15. Qd3 g5 16. Qg3 Ra7 17. h4 Kh8 18. Bxg5 f6 19. Bh6 Rg8 20. Qe3 Bf8 21. Bxf8
Qxf8 22. Qe7 Rg7 23. Qxf8+ Nxf8 24. Re8 Rg8 25. Rae1 Rb7 26. b3 Rb4 27. Rd1 Ng6
28. Rxg8+ Kxg8 29. g3 Kf7 30. Kf1 Ne7 31. Rd3 Nf5 32. Ne2 a5 33. Ke1 a4 34. a3
Rb7 35. b4 Ne7 36. Nc3 Ra7 37. Ke2 Kg6 38. Rf3 Nf5 39. Kd3 Ra8 40. Ne2 Ne7 41.
Nf4+ Kf7 42. Nh5 Ng8 43. g4 Kg6 44. Ng3 Ne7 45. Re3 Kf7 46. h5 Nc8 47. Nf5 Rb8
48. f4 Rb7 49. g5 fxg5 50. fxg5 Na7 51. Re7+ Kg8 52. Rg7+ Kh8 53. h6 Nb5 54.
Ne7 Rb8 55. g6 1-0

[Event "36. Copenhagen Open (Politiken Cup)"]
[Site "Elsinore"]
[Date "2014.07.22"]
[Round "3"]
[White "Hinrichs, Lars"]
[Black "Eriksson, Christian Altenburg"]
[Result "1-0"]
[WhiteElo "2003"]
[BlackElo "2153"]
[PlyCount "139"]
[EventDate "2014.07.21"]
[EventType "swiss"]
[EventRounds "10"]
[EventCountry "DEN"]
[Source "ChessBase"]
[SourceDate "2014.08.29"]

1. e4 c5 2. Nf3 Nc6 3. d4 cxd4 4. Nxd4 e5 5. Nb5 d6 6. N1c3 a6 7. Na3 b5 8. Nd5
Nf6 9. Bg5 Be7 10. Bxf6 Bxf6 11. c4 b4 12. Nc2 Rb8 13. g3 Bg5 14. b3 O-O 15.
Bg2 Be6 16. O-O a5 17. Qd3 Ne7 18. Nce3 Bxe3 19. Nxe3 Qb6 20. Kh1 Kh8 21. f4
exf4 22. gxf4 f5 23. Rae1 Qc5 24. exf5 Nxf5 25. Nxf5 Bxf5 26. Be4 h6 27. Bxf5
Rxf5 28. Re6 Rd8 29. Rfe1 Qc6+ 30. Qe4 Qxe4+ 31. R1xe4 Rc5 32. Rd4 Rc6 33. Rd5
Kg8 34. Rxa5 Kf7 35. f5 Rd7 36. Kg2 Rc5 37. Rxd6 Rxd6 38. Rxc5 Rd2+ 39. Kg3
Rxa2 40. Rb5 Kf6 41. Rxb4 Kxf5 42. c5 Ke6 43. Rc4 Kd7 44. c6+ Kc7 45. b4 Rb2
46. h3 g6 47. Kf4 Rf2+ 48. Ke5 Rf5+ 49. Ke6 Rh5 50. Kf6 Rxh3 51. Kxg6 h5 52.
Kg5 Rh1 53. b5 Rb1 54. Rc5 Rg1+ 55. Kxh5 Rg8 56. Rg5 Rh8+ 57. Kg4 Kb6 58. Kf4
Rh4+ 59. Ke3 Rc4 60. Kd3 Rc1 61. Rd5 Re1 62. Kd4 Rh1 63. Ke5 Rh5+ 64. Kd6 Rh6+
65. Kd7 Rh7+ 66. Kc8 Rh8+ 67. Rd8 Rh5 68. c7 Rh7 69. Kb8 Rxc7 70. Rd6+ 1-0

[Event "36. Copenhagen Open (Politiken Cup)"]
[Site "Elsinore"]
[Date "2014.07.22"]
[Round "3"]
[White "Hoiberg, Nina"]
[Black "Hoi, Carsten"]
[Result "1/2-1/2"]
[WhiteElo "2224"]
[BlackElo "2401"]
[PlyCount "28"]
[EventDate "2014.07.21"]
[EventType "swiss"]
[EventRounds "10"]
[EventCountry "DEN"]
[Source "ChessBase"]
[SourceDate "2014.08.29"]

1. e4 g6 2. d4 Bg7 3. Nc3 d6 4. f4 Nf6 5. Nf3 O-O 6. Be3 Na6 7. e5 Ng4 8. Bg1
c5 9. dxc5 Nxc5 10. h3 Nh6 11. Bxc5 dxc5 12. Qxd8 Rxd8 13. g4 Bd7 14. Bc4 Bc6
1/2-1/2

[Event "36. Copenhagen Open (Politiken Cup)"]
[Site "Elsinore"]
[Date "2014.07.22"]
[Round "3"]
[White "Hoyer, Jacob K"]
[Black "Christensen, Casper"]
[Result "1-0"]
[WhiteElo "2200"]
[BlackElo "2004"]
[PlyCount "97"]
[EventDate "2014.07.21"]
[EventType "swiss"]
[EventRounds "10"]
[EventCountry "DEN"]
[Source "ChessBase"]
[SourceDate "2014.08.29"]

1. d4 Nf6 2. c4 g6 3. Nc3 Bg7 4. e4 d6 5. f3 O-O 6. Be3 Na6 7. Qd2 c5 8. Nge2
cxd4 9. Nxd4 Bd7 10. Be2 Nc5 11. O-O Ne8 12. b4 Ne6 13. Rad1 f5 14. exf5 Nxd4
15. Bxd4 Bxf5 16. Bxg7 Kxg7 17. c5 Be6 18. Rfe1 Qc8 19. Qd4+ Kg8 20. Bc4 Ng7
21. Rxe6 Nxe6 22. Re1 dxc5 23. Qg4 Kh8 24. Bxe6 Qd8 25. Nd5 Qd6 26. Qg5 cxb4
27. Nxe7 Qd4+ 28. Kh1 Rf6 29. Bb3 Qc3 30. Rg1 Re8 31. Nd5 Rf5 32. Qxf5 gxf5 33.
Nxc3 bxc3 34. f4 b5 35. Rc1 b4 36. Kg1 Re4 37. g3 Kg7 38. Kf2 Re8 39. Rd1 a5
40. Rd7+ Kh6 41. Rd6+ Kg7 42. Ra6 Rc8 43. Bc2 Rd8 44. Ke3 Rd2 45. Bb3 Rxh2 46.
Rxa5 Rg2 47. Kf3 Rd2 48. Rxf5 Rd3+ 49. Ke4 1-0

[Event "36. Copenhagen Open (Politiken Cup)"]
[Site "Elsinore"]
[Date "2014.07.22"]
[Round "3"]
[White "Ikeda, Junta"]
[Black "Thogersen, Rasmus"]
[Result "1-0"]
[WhiteElo "2402"]
[BlackElo "2089"]
[PlyCount "67"]
[EventDate "2014.07.21"]
[EventType "swiss"]
[EventRounds "10"]
[EventCountry "DEN"]
[Source "ChessBase"]
[SourceDate "2014.08.29"]

1. Nf3 d6 2. d4 Nf6 3. c4 g6 4. Nc3 Bg7 5. g3 O-O 6. Bg2 Nbd7 7. O-O e5 8. e4
exd4 9. Nxd4 Nc5 10. f3 c6 11. Be3 Re8 12. Qd2 d5 13. cxd5 cxd5 14. Ndb5 Bf8
15. exd5 a6 16. Na3 b5 17. Nc2 a5 18. d6 Nb7 19. Nxb5 Nxd6 20. Nxd6 Qxd6 21.
Qxd6 Bxd6 22. Rad1 Bf8 23. Bd4 Bg7 24. f4 Rb8 25. Be5 Rb6 26. b3 Bf5 27. Ne3
Be6 28. Rfe1 Nd7 29. Bxg7 Kxg7 30. Nc4 Ra6 31. Rxe6 Raxe6 32. Rxd7 Re1+ 33. Bf1
R8e2 34. Rd2 1-0

[Event "36. Copenhagen Open (Politiken Cup)"]
[Site "Elsinore"]
[Date "2014.07.22"]
[Round "3"]
[White "Inhoven, Stefan"]
[Black "Risting, Eivind Olav"]
[Result "1/2-1/2"]
[WhiteElo "2124"]
[BlackElo "1875"]
[PlyCount "80"]
[EventDate "2014.07.21"]
[EventType "swiss"]
[EventRounds "10"]
[EventCountry "DEN"]
[Source "ChessBase"]
[SourceDate "2014.08.29"]

1. Nf3 Nf6 2. b4 e6 3. a3 d5 4. Bb2 c5 5. bxc5 Bxc5 6. e3 O-O 7. Nc3 Nc6 8. Be2
b6 9. d4 Be7 10. O-O Bb7 11. Nb1 Rc8 12. Nbd2 Na5 13. Rc1 Nc4 14. Nxc4 dxc4 15.
c3 Qd5 16. a4 Rfd8 17. Ra1 Bd6 18. Ba3 Bxa3 19. Rxa3 Ng4 20. Ra1 Nf6 21. Ne1 e5
22. Bf3 e4 23. Be2 Qa5 24. Qc1 Nd5 25. Ra3 Re8 26. Qb2 Ba6 27. Qa1 f5 28. g3 g5
29. Ng2 Kg7 30. Re1 Re7 31. Bd1 Rf8 32. Bc2 Kg6 33. h3 Bc8 34. Qa2 Ba6 35. Qb2
Rfe8 36. Kh2 Kg7 37. Rg1 Kh8 38. h4 h6 39. Rh1 Kg7 40. Kg1 Rh8 1/2-1/2

[Event "36. Copenhagen Open (Politiken Cup)"]
[Site "Elsinore"]
[Date "2014.07.22"]
[Round "3"]
[White "Ivarsson, Torbjorn"]
[Black "Hoti, Nimon"]
[Result "0-1"]
[WhiteElo "2131"]
[BlackElo "1887"]
[PlyCount "98"]
[EventDate "2014.07.21"]
[EventType "swiss"]
[EventRounds "10"]
[EventCountry "DEN"]
[Source "ChessBase"]
[SourceDate "2014.08.29"]

1. e4 c6 2. d4 d5 3. e5 c5 4. Nc3 e6 5. Nf3 Nc6 6. Be3 Qa5 7. Be2 a6 8. O-O
cxd4 9. Bxd4 Nxd4 10. Nxd4 Bb4 11. Nb1 Qc7 12. c3 Bc5 13. f4 Ne7 14. Kh1 O-O
15. Bd3 Nf5 16. Nxf5 exf5 17. Qc2 f6 18. exf6 Rxf6 19. Nd2 Be3 20. g3 b5 21.
Nf3 d4 22. cxd4 Qxc2 23. Bxc2 Bb7 24. Bb3+ Kf8 25. d5 a5 26. a3 a4 27. Ba2 Rd6
28. Rae1 Bc5 29. Re5 g6 30. Rc1 Bb6 31. Kg2 Rad8 32. h4 Bxd5 33. Bxd5 Rxd5 34.
Rc6 Rxe5 35. fxe5 Rb8 36. h5 Kg7 37. hxg6 hxg6 38. Kf1 Bd8 39. Nd4 Bg5 40. Kg2
b4 41. axb4 Rxb4 42. Ne6+ Kh6 43. Rc8 Kh5 44. Kh3 Bh6 45. Nc5 Rxb2 46. Nxa4 Re2
47. Re8 g5 48. g4+ fxg4+ 49. Kg3 Bg7 0-1

[Event "36. Copenhagen Open (Politiken Cup)"]
[Site "Elsinore"]
[Date "2014.07.22"]
[Round "3"]
[White "Jacobsen, Fredrik Beer"]
[Black "Rewitz, Poul"]
[Result "1-0"]
[WhiteElo "2012"]
[BlackElo "2218"]
[PlyCount "105"]
[EventDate "2014.07.21"]
[EventType "swiss"]
[EventRounds "10"]
[EventCountry "DEN"]
[Source "ChessBase"]
[SourceDate "2014.08.29"]

1. e4 c6 2. d4 d5 3. Nc3 b5 4. a3 a6 5. Nf3 Bg4 6. Be2 e6 7. Bf4 Nf6 8. exd5
Bxf3 9. Bxf3 cxd5 10. Qd2 Nc6 11. Ne2 Be7 12. O-O O-O 13. Rfe1 Qb6 14. c3 Na5
15. Qc2 Rfc8 16. g4 Bd6 17. g5 Ne8 18. h4 Bxf4 19. Nxf4 g6 20. Bxd5 exd5 21.
Nxd5 Qb7 22. Ne7+ Kf8 23. Nxc8 Rxc8 24. Rad1 Qf3 25. Qe4 Qxe4 26. Rxe4 Nc4 27.
Re2 Nc7 28. Kh2 Nd5 29. Kg3 a5 30. f4 a4 31. Rh1 Nd6 32. Re5 Nxc3 33. bxc3
Rxc3+ 34. Kf2 Rxa3 35. Rb1 Rh3 36. Rbe1 b4 37. Rd5 Nf5 38. Rd8+ Kg7 39. Ree8
Nh6 40. gxh6+ Kxh6 41. Ra8 a3 42. Reb8 Rb3 43. d5 Rb2+ 44. Ke3 Rb3+ 45. Kd4 Rb1
46. Kc4 Rc1+ 47. Kd4 Rd1+ 48. Ke5 Re1+ 49. Kf6 Re4 50. Kxf7 Rxf4+ 51. Ke7 Re4+
52. Kf6 Rf4+ 53. Ke5 1-0

[Event "36. Copenhagen Open (Politiken Cup)"]
[Site "Elsinore"]
[Date "2014.07.22"]
[Round "3"]
[White "Jensen, Michael Agermose"]
[Black "Kistrup, Nicolai"]
[Result "1-0"]
[WhiteElo "2011"]
[BlackElo "1786"]
[PlyCount "149"]
[EventDate "2014.07.21"]
[EventType "swiss"]
[EventRounds "10"]
[EventCountry "DEN"]
[Source "ChessBase"]
[SourceDate "2014.08.29"]

1. e4 c5 2. d4 cxd4 3. c3 d5 4. exd5 Qxd5 5. cxd4 Nc6 6. Nf3 e6 7. Nc3 Qd7 8.
Bd3 Nf6 9. O-O Be7 10. Bg5 O-O 11. Rc1 Rd8 12. Bb5 Qc7 13. Bxc6 Qxc6 14. Qe2 a6
15. Bxf6 Bxf6 16. Ne4 Qb5 17. Nxf6+ gxf6 18. Qd2 b6 19. Qf4 Kg7 20. Ne5 Bd7 21.
Ng4 Qg5 22. Qxg5+ fxg5 23. Ne5 Bb5 24. Rfd1 Ra7 25. Nc6 Bxc6 26. Rxc6 b5 27.
Kf1 Rd5 28. Ke2 a5 29. Rc5 Rad7 30. Rxd5 Rxd5 31. Ke3 Kf6 32. Rc1 h5 33. Rc6
Kf5 34. b3 b4 35. Ra6 Rb5 36. Rc6 f6 37. Kd3 Rd5 38. Kc4 g4 39. Rc5 Ke4 40. f3+
gxf3 41. gxf3+ Kxf3 42. Rxd5 exd5+ 43. Kxd5 f5 44. Kc5 Kg2 45. d5 f4 46. d6 f3
47. d7 f2 48. d8=Q f1=Q 49. Qg5+ Kxh2 50. Qxh5+ Kg3 51. Qe5+ Kg2 52. Qd5+ Kg3
53. Qd6+ Kg4 54. Qd7+ Kg5 55. Qd8+ Kg6 56. Qxa5 Kf7 57. Kxb4 Ke6 58. Qb6+ Kf7
59. Qc7+ Ke8 60. a4 Qe1+ 61. Kb5 Qe2+ 62. Qc4 Qe5+ 63. Qc5 Qb8+ 64. Qb6 Qe5+
65. Ka6 Ke7 66. b4 Qe2+ 67. b5 Qa2 68. a5 Qe2 69. Ka7 Kd7 70. Qc6+ Kd8 71. b6
Qe3 72. Kb8 Qa3 73. Qc7+ Ke8 74. b7 Qf3 75. a6 1-0

[Event "36. Copenhagen Open (Politiken Cup)"]
[Site "Elsinore"]
[Date "2014.07.22"]
[Round "3"]
[White "Jensen, Morten Frank"]
[Black "Biasi, Grace"]
[Result "1-0"]
[WhiteElo "2005"]
[BlackElo "1668"]
[PlyCount "105"]
[EventDate "2014.07.21"]
[EventType "swiss"]
[EventRounds "10"]
[EventCountry "DEN"]
[Source "ChessBase"]
[SourceDate "2014.08.29"]

1. e4 c5 2. Nf3 d6 3. Nc3 g6 4. d4 cxd4 5. Qxd4 Nf6 6. e5 Nc6 7. Bb5 Nh5 8. e6
Bg7 9. exf7+ Kf8 10. Qa4 Ne5 11. Nxe5 Bxe5 12. Bh6+ Kxf7 13. O-O Be6 14. Ne4
Bf6 15. Rfe1 Qc8 16. Ng5+ Bxg5 17. Bxg5 h6 18. Be3 a6 19. Bd3 b5 20. Qd4 Nf6
21. c3 Nd5 22. Bd2 Qc5 23. Bxg6+ Kxg6 24. Rxe6+ Kf7 25. Qxc5 dxc5 26. Rxh6 Rxh6
27. Bxh6 c4 28. Rd1 Ke6 29. Be3 b4 30. Bd4 Rf8 31. h4 Rf4 32. g3 Rf3 33. Kg2
Rd3 34. Rxd3 cxd3 35. Kf1 Kf5 36. Ke1 e5 37. c4 Nf6 38. Be3 e4 39. Kd2 a5 40.
b3 Kg4 41. c5 Nd5 42. c6 Kh5 43. Bf4 Kg4 44. c7 Ne7 45. Bg5 Nc8 46. Ke3 Kf5 47.
Bf4 Ne7 48. h5 Nd5+ 49. Kd2 Ne7 50. h6 Kg6 51. Ke1 Nc8 52. Kd2 Ne7 53. f3 1-0

[Event "36. Copenhagen Open (Politiken Cup)"]
[Site "Elsinore"]
[Date "2014.07.22"]
[Round "3"]
[White "Jensen, Soren"]
[Black "Pedersen, Henrik Bolding"]
[Result "1/2-1/2"]
[WhiteElo "1922"]
[BlackElo "2134"]
[PlyCount "40"]
[EventDate "2014.07.21"]
[EventType "swiss"]
[EventRounds "10"]
[EventCountry "DEN"]
[Source "ChessBase"]
[SourceDate "2014.08.29"]

1. e4 c6 2. Nc3 d5 3. d4 dxe4 4. Nxe4 Nf6 5. Nxf6+ exf6 6. Nf3 Bd6 7. c3 O-O 8.
Be3 Re8 9. Be2 Qc7 10. Qc2 Nd7 11. O-O-O Nf8 12. h3 Bf4 13. Bxf4 Qxf4+ 14. Kb1
Bf5 15. Bd3 Be4 16. Bxe4 Rxe4 17. Rhe1 Rae8 18. Rxe4 Qxe4 19. Qxe4 Rxe4 20. d5
cxd5 1/2-1/2

[Event "36. Copenhagen Open (Politiken Cup)"]
[Site "Elsinore"]
[Date "2014.07.22"]
[Round "3"]
[White "Jensen, Soren Holm"]
[Black "Tallaksen, Henrik G"]
[Result "1/2-1/2"]
[WhiteElo "1975"]
[BlackElo "1771"]
[PlyCount "78"]
[EventDate "2014.07.21"]
[EventType "swiss"]
[EventRounds "10"]
[EventCountry "DEN"]
[Source "ChessBase"]
[SourceDate "2014.08.29"]

1. e4 e5 2. Nf3 Nc6 3. Bb5 a6 4. Ba4 Nf6 5. O-O Be7 6. Re1 b5 7. Bb3 O-O 8. h3
d6 9. c3 Nb8 10. d4 Nbd7 11. Nbd2 Bb7 12. Bc2 Re8 13. Nf1 Bf8 14. Ng3 d5 15.
exd5 exd4 16. Nxd4 Nxd5 17. Ndf5 g6 18. Nh6+ Bxh6 19. Bxh6 N5f6 20. Qd4 c5 21.
Qh4 Qb6 22. Ne4 c4 23. Bg5 Bxe4 24. Bxe4 Nxe4 25. Rxe4 Re6 26. Rd4 Nc5 27. Be3
Qc7 28. Rad1 Ree8 29. Qf6 Ne4 30. Qf3 Nc5 31. Rd5 Nd3 32. Bd4 Qf4 33. Qxf4 Nxf4
34. Rd7 Rad8 35. Be3 Nd3 36. Rxd8 Rxd8 37. b3 Rb8 38. Bd4 f5 39. g3 Kf7 1/2-1/2

[Event "36. Copenhagen Open (Politiken Cup)"]
[Site "Elsinore"]
[Date "2014.07.22"]
[Round "3"]
[White "Jensen, Thore Nyboe"]
[Black "Schmidt, Horst Hubert"]
[Result "1-0"]
[WhiteElo "2058"]
[BlackElo "1767"]
[PlyCount "75"]
[EventDate "2014.07.21"]
[EventType "swiss"]
[EventRounds "10"]
[EventCountry "DEN"]
[Source "ChessBase"]
[SourceDate "2014.08.29"]

1. e4 g6 2. d4 Bg7 3. Nf3 d6 4. c4 Nf6 5. Nc3 O-O 6. Be2 Nbd7 7. O-O c5 8. h3
cxd4 9. Nxd4 a6 10. Be3 Nc5 11. Qc2 Bd7 12. Rfd1 Qc7 13. b4 Ne6 14. Qb3 Nxd4
15. Bxd4 Bc6 16. f3 Rac8 17. b5 axb5 18. cxb5 Bd7 19. Rac1 Qa5 20. Bc4 Bh6 21.
Rc2 Qc7 22. Na4 Be6 23. Nb6 d5 24. Bd3 Qg3 25. Nxc8 Bf4 26. Nxe7+ Kg7 27. Nxd5
Qh2+ 28. Kf2 Bg3+ 29. Ke3 Bf4+ 30. Nxf4 Bxb3 31. axb3 Rd8 32. Nd5 Rxd5 33. exd5
Qd6 34. Be4 Kh6 35. Bxf6 Qxf6 36. d6 Qg5+ 37. Kf2 Qh4+ 38. Kf1 1-0

[Event "36. Copenhagen Open (Politiken Cup)"]
[Site "Elsinore"]
[Date "2014.07.22"]
[Round "3"]
[White "Jogvansson, Hjalti Toftum"]
[Black "Molvig, Henrik"]
[Result "1/2-1/2"]
[WhiteElo "1944"]
[BlackElo "2162"]
[PlyCount "22"]
[EventDate "2014.07.21"]
[EventType "swiss"]
[EventRounds "10"]
[EventCountry "DEN"]
[Source "ChessBase"]
[SourceDate "2014.08.29"]

1. d4 Nf6 2. Nf3 g6 3. Bf4 Bg7 4. e3 O-O 5. h3 d6 6. Bc4 Nbd7 7. Nbd2 c5 8. O-O
b6 9. c3 Bb7 10. Qe2 Rc8 11. Rac1 d5 1/2-1/2

[Event "36. Copenhagen Open (Politiken Cup)"]
[Site "Elsinore"]
[Date "2014.07.22"]
[Round "3"]
[White "Johannesen, Lars Peter Meldgaar"]
[Black "Svane, Minna"]
[Result "1-0"]
[WhiteElo "1711"]
[BlackElo "1278"]
[PlyCount "69"]
[EventDate "2014.07.21"]
[EventType "swiss"]
[EventRounds "10"]
[EventCountry "DEN"]
[Source "ChessBase"]
[SourceDate "2014.08.29"]

1. e4 e5 2. Nf3 Nc6 3. Bc4 g6 4. d3 Bg7 5. Ng5 Nh6 6. Nc3 Nd4 7. O-O c6 8. Kh1
b5 9. Bb3 O-O 10. f4 Bf6 11. Nf3 Bg7 12. Nxd4 exd4 13. Ne2 d6 14. Ng3 Ng4 15.
h3 Ne3 16. Bxe3 dxe3 17. c3 d5 18. exd5 cxd5 19. Qf3 Qb6 20. Bxd5 Rb8 21. Rfe1
Re8 22. Re2 b4 23. c4 Bxb2 24. Rxb2 Qd4 25. Qe2 Qxf4 26. Ne4 Rb6 27. Rf1 Qh4
28. Bxf7+ Kf8 29. Bxg6+ Ke7 30. Bxe8 Kxe8 31. Qf3 Ke7 32. Re2 Bb7 33. Rxe3 Bxe4
34. Rxe4+ Re6 35. Rxh4 1-0

[Event "36. Copenhagen Open (Politiken Cup)"]
[Site "Elsinore"]
[Date "2014.07.22"]
[Round "3"]
[White "Jorgensen, Dennis"]
[Black "Daulyte, Deimante"]
[Result "1/2-1/2"]
[WhiteElo "2216"]
[BlackElo "2405"]
[PlyCount "72"]
[EventDate "2014.07.21"]
[EventType "swiss"]
[EventRounds "10"]
[EventCountry "DEN"]
[Source "ChessBase"]
[SourceDate "2014.08.29"]

1. d4 Nf6 2. Nf3 g6 3. g3 Bg7 4. Bg2 O-O 5. O-O d5 6. c4 Nc6 7. cxd5 Nxd5 8. e4
Nb6 9. d5 Na5 10. Nc3 c6 11. Bg5 h6 12. Bf4 cxd5 13. exd5 Nac4 14. Qb3 Bf5 15.
a4 Rc8 16. a5 Nd7 17. Nb5 Nxa5 18. Qa3 Nc4 19. Qxa7 g5 20. Be3 Bxb2 21. Bd4 Ra8
22. Qxa8 Qxa8 23. Rxa8 Rxa8 24. Re1 Ra5 25. Bf1 Ndb6 26. d6 exd6 27. Bxb2 Nxb2
28. Nxd6 Be6 29. Nxb7 Ra3 30. Nd4 Bd5 31. Nd6 N6c4 32. Nxc4 Bxc4 33. Bxc4 Nxc4
34. Nf5 Kh7 35. Kg2 Ra5 36. Ne3 Nxe3+ 1/2-1/2

[Event "36. Copenhagen Open (Politiken Cup)"]
[Site "Elsinore"]
[Date "2014.07.22"]
[Round "3"]
[White "Justinussen, Sigurd B"]
[Black "Nilssen, Ellen Fredericia"]
[Result "1-0"]
[WhiteElo "1978"]
[BlackElo "1646"]
[PlyCount "91"]
[EventDate "2014.07.21"]
[EventType "swiss"]
[EventRounds "10"]
[EventCountry "DEN"]
[Source "ChessBase"]
[SourceDate "2014.08.29"]

1. e4 e6 2. d4 d5 3. exd5 exd5 4. Nf3 Bd6 5. Bd3 Ne7 6. O-O O-O 7. Bg5 f6 8.
Bh4 Bf5 9. c3 Nd7 10. b3 Bxd3 11. Qxd3 c6 12. c4 Ng6 13. Bg3 Bxg3 14. hxg3 dxc4
15. bxc4 Qc7 16. Nbd2 Nb6 17. Rab1 Rad8 18. Qa3 Ra8 19. Qa5 Rf7 20. Rb2 Nc8 21.
Qc3 Nd6 22. a4 b6 23. c5 bxc5 24. Qxc5 Nb7 25. Qc3 c5 26. Rc1 Rc8 27. Rbc2 Qb6
28. Qc4 Nf8 29. Qa2 Nd7 30. Rb1 Qa6 31. Nc4 Nb6 32. Nxb6 axb6 33. Rcb2 Rc6 34.
d5 Rd6 35. Nd2 Qd3 36. Rxb6 Rxd5 37. Nc4 g6 38. Ne3 c4 39. Rxb7 Rxb7 40. Rxb7
Rc5 41. Rb4 Kg7 42. Rxc4 Re5 43. Rc7+ Kh6 44. Qc4 Qb1+ 45. Qc1 Qb4 46. Nc2+ 1-0

[Event "36. Copenhagen Open (Politiken Cup)"]
[Site "Elsinore"]
[Date "2014.07.22"]
[Round "3"]
[White "Kaasen, Tor Fredrik"]
[Black "Jarlnaes, Erik"]
[Result "1/2-1/2"]
[WhiteElo "1676"]
[BlackElo "1892"]
[PlyCount "70"]
[EventDate "2014.07.21"]
[EventType "swiss"]
[EventRounds "10"]
[EventCountry "DEN"]
[Source "ChessBase"]
[SourceDate "2014.08.29"]

1. e4 e5 2. Nf3 Nc6 3. Bb5 Nf6 4. O-O Bc5 5. c3 O-O 6. d4 exd4 7. cxd4 Be7 8.
d5 Nb8 9. e5 Ne8 10. Nc3 d6 11. Bf4 Bg4 12. Rc1 dxe5 13. Bxe5 Nd6 14. h3 Bh5
15. Bd3 Nd7 16. Bxd6 Bxd6 17. g4 Bg6 18. Bxg6 hxg6 19. Ne4 Bf4 20. Rc4 Ne5 21.
Nxe5 Bxe5 22. f4 Bd6 23. Qc2 Re8 24. Kg2 Qh4 25. Nxd6 Re3 26. Rf3 Rxf3 27. Kxf3
Qxh3+ 28. Ke4 Qh1+ 29. Ke3 cxd6 30. Rc8+ Rxc8 31. Qxc8+ Kh7 32. Qxb7 Qe1+ 33.
Kf3 Qf1+ 34. Ke3 Qe1+ 35. Kf3 Qf1+ 1/2-1/2

[Event "36. Copenhagen Open (Politiken Cup)"]
[Site "Elsinore"]
[Date "2014.07.22"]
[Round "3"]
[White "Klings, Peter"]
[Black "Helin, Mikael"]
[Result "1-0"]
[WhiteElo "2128"]
[BlackElo "1885"]
[PlyCount "55"]
[EventDate "2014.07.21"]
[EventType "swiss"]
[EventRounds "10"]
[EventCountry "DEN"]
[Source "ChessBase"]
[SourceDate "2014.08.29"]

1. d4 g6 2. e4 d6 3. Nf3 Bg7 4. h3 a6 5. c4 Nc6 6. d5 Nb8 7. Bd3 Nd7 8. Nc3 Nc5
9. Bc2 Nf6 10. O-O a5 11. Be3 O-O 12. Qd2 Re8 13. Bxc5 dxc5 14. e5 Nd7 15. Rfe1
Nb6 16. Qf4 Rf8 17. Rad1 f6 18. e6 Qd6 19. Qh4 Qd8 20. Nb5 a4 21. Qf4 Ra5 22.
Nxc7 g5 23. Qf5 Re8 24. Qxh7+ Kf8 25. Nxe8 Qxe8 26. Bg6 Qxg6 27. Qxg6 Kg8 28.
d6 1-0

[Event "36. Copenhagen Open (Politiken Cup)"]
[Site "Elsinore"]
[Date "2014.07.22"]
[Round "3"]
[White "Kovshoj, Sune"]
[Black "Holmstrom, Johan Ravnborg"]
[Result "1/2-1/2"]
[WhiteElo "2086"]
[BlackElo "1834"]
[PlyCount "101"]
[EventDate "2014.07.21"]
[EventType "swiss"]
[EventRounds "10"]
[EventCountry "DEN"]
[Source "ChessBase"]
[SourceDate "2014.08.29"]

1. e4 e6 2. d4 d5 3. Nd2 dxe4 4. Nxe4 Nd7 5. Nf3 Ngf6 6. Ng3 c5 7. c3 Qc7 8.
Be2 Bd6 9. O-O O-O 10. Re1 b6 11. Qa4 Bb7 12. dxc5 Nxc5 13. Qh4 Rfe8 14. Nd4 a6
15. Bf1 Rad8 16. a4 Be5 17. Bg5 h6 18. Be3 Nd5 19. Qg4 f5 20. Qg6 f4 21. b4
fxe3 22. bxc5 exf2+ 23. Kxf2 Bxg3+ 24. hxg3 Qxc5 25. Bd3 Nf6 26. Re3 Qxc3 27.
Nc2 Qc6 28. Rf3 e5 29. Ne3 Rxd3 30. Qxd3 e4 31. Qb3+ Kh8 32. Rf4 Rd8 33. Rd1
Rxd1 34. Qxd1 b5 35. axb5 axb5 36. g4 Qc5 37. Rf5 Qb6 38. g5 Bc8 39. gxf6 Bxf5
40. Qd5 Be6 41. Qa8+ Bg8 42. fxg7+ Kxg7 43. Qxe4 Bc4 44. Kg1 Qc5 45. Kh1 Qh5+
46. Kg1 Qc5 47. Kf2 Bf7 48. Kf3 Qh5+ 49. Kf2 Qc5 50. Kf3 Qh5+ 51. Kf2 1/2-1/2